| 000 | 00688nam a2200253 a 4500 | ||
|---|---|---|---|
| 001 | 56112 | ||
| 003 | BD-RjUL | ||
| 005 | 20211209080344.0 | ||
| 008 | 161126s1960 nyua b 001 0 eng | ||
| 035 | _a(BD-RjUL)56236 | ||
| 040 |
_aDLC _cDLC _dBD-RjUL _beng |
||
| 041 | _aeng | ||
| 082 | 0 | 0 |
_223 _a956.1 _bLET 1960 |
| 100 | 1 |
_aLewis, Geoffrey _9167035 |
|
| 245 | 1 | 0 |
_aTurkey : _cGeoffrey Lewis |
| 250 | _a2nd ed. | ||
| 260 |
_aNew London : _bLittle, Brown, _c1960. |
||
| 300 |
_axiii, 226 p. : _bill. ; _c22 cm. |
||
| 500 | _aIncludes index. | ||
| 504 | _aBibliography: p. 245. | ||
| 650 | 0 |
_aTurkey _xHistory -- 20th century. _9167036 |
|
| 650 | 0 |
_aTurkey. _9167037 |
|
| 942 |
_2ddc _cBK |
||
| 999 |
_c56112 _d56112 |
||